Nommez les 10 plus grandes villes d’Ukraine - Statistiques

Statistiques générales
  • Ce quiz a été pris 46 fois
    14 depuis la dernière actualisation
  • Le résultat moyen est 5 sur 10
Statistiques - réponses
Hint Réponse % Correct
K Kiev
91%
K Kharkiv
82%
O Odessa
82%
D Donetsk
73%
L Lviv
45%
D Dnipro
36%
M Marioupol
36%
M Mykolaïv
27%
K Kryvy Rih
0%
Z Zaporizhia
0%
Aucun quiz correspondant
Distribution des résultats
% des personnes avec chaque résultat
Percentile par nombre de réponses
Votre historique - résultats
Vous n’avez pas pris ce quiz depuis la dernière actualisation